[Event "AI Cup Div 3 W"]
[Site "chess.com INT"]
[Date "2023.09.25"]
[Round "2.1"]
[White "Robson, Ray"]
[Black "Durarbayli, Vasif"]
[Result "0-1"]
[WhiteTitle "GM"]
[BlackTitle "GM"]
[WhiteElo "2699"]
[BlackElo "2625"]
[WhiteFideId "2023970"]
[BlackFideId "13402935"]
[EventDate "2023.09.25"]
[EventType "k.o."]

1. e4 c5 2. Nf3 d6 3. Bb5+ Nd7 4. a4 Nf6 5. Nc3 a6 6. Be2 g6 7. a5 Bg7 8. O-O
O-O 9. d3 b5 10. axb6 Nxb6 11. e5 Nfd5 12. Nxd5 Nxd5 13. exd6 exd6 14. d4 Bb7
15. c4 Nb4 16. d5 Re8 17. Bg5 Qc7 18. Qd2 h6 19. Be3 Bc8 20. Bd1 Kh7 21. Ba4 Re4
22. Rfc1 Bf5 23. Ra3 Qd8 24. h3 Qf6 25. Rb3 a5 26. Nh2 Ra7 27. Nf1 Bd7 28. Bxd7
Rxd7 29. Ng3 Re8 30. Ra1 Qh4 31. Qc1 Rde7 32. Rxa5 f5 33. Ne2 Qe4 34. Nf4 Nc2
35. Ra4 Nxe3 36. fxe3 h5 37. Ne6 Bh6 38. Qd2 g5 39. Qd3 Qe5 40. Ra1 g4 41. Rf1
Rf7 42. h4 Kg6 43. Rf2 Qg3 44. Qf1 Qxh4 45. g3 Qxg3+ 46. Rg2 Qe5 47. Qf2 Ra8 48.
Qe1 Rfa7 49. Ra3 Rxa3 50. bxa3 Qxe3+ 51. Qxe3 Bxe3+ 52. Kh1 Rxa3 53. Rb2 h4 54.
Rb7 Ra1+ 55. Kh2 Ra2+ 56. Kh1 g3 57. Nf8+ Kh5 58. Rh7+ Kg4 0-1

[Event "AI Cup Div 3 W"]
[Site "chess.com INT"]
[Date "2023.09.25"]
[Round "2.1"]
[White "Xiong, Jeffery"]
[Black "Muradli, Mahammad"]
[Result "1/2-1/2"]
[WhiteTitle "GM"]
[BlackTitle "GM"]
[WhiteElo "2693"]
[BlackElo "2550"]
[WhiteFideId "2047640"]
[BlackFideId "13409301"]
[EventDate "2023.09.25"]
[EventType "k.o."]

1. d4 Nf6 2. c4 e6 3. Nc3 d5 4. Bg5 Be7 5. e3 Nbd7 6. Nf3 h6 7. Bh4 O-O 8. Qc2
c5 9. dxc5 dxc4 10. Bxc4 Nxc5 11. O-O a6 12. Rfd1 Qe8 13. a4 b6 14. b4 Ncd7 15.
b5 a5 16. Ne2 Bb7 17. Ned4 Rc8 18. Qa2 1/2-1/2

[Event "AI Cup Div 3 W"]
[Site "chess.com INT"]
[Date "2023.09.25"]
[Round "2.1"]
[White "Paravyan, David"]
[Black "Sevian, Samuel"]
[Result "1/2-1/2"]
[WhiteTitle "GM"]
[BlackTitle "GM"]
[WhiteElo "2599"]
[BlackElo "2698"]
[WhiteFideId "4194985"]
[BlackFideId "2040506"]
[EventDate "2023.09.25"]
[EventType "k.o."]

1. e4 Nc6 2. Nf3 d6 3. d4 g6 4. d5 Nb8 5. Bd3 Bg7 6. O-O Nf6 7. Re1 O-O 8. h3 c6
9. c4 Na6 10. Nc3 Nc5 11. Bc2 a5 12. Be3 cxd5 13. exd5 Bd7 14. Qe2 Re8 15. Rad1
Rc8 16. a3 Nh5 17. Qd2 Nf6 18. Nd4 a4 19. Ncb5 Bxb5 20. Nxb5 Nfd7 21. Bd4 Bxd4
22. Qxd4 Nb6 23. Na7 Ra8 24. Nb5 Rc8 25. Na7 Ra8 26. Nb5 Rc8 1/2-1/2

[Event "AI Cup Div 3 W"]
[Site "chess.com INT"]
[Date "2023.09.25"]
[Round "2.2"]
[White "Rakhmanov, Aleksandr"]
[Black "Meier, Georg"]
[Result "0-1"]
[WhiteTitle "GM"]
[BlackTitle "GM"]
[WhiteElo "2614"]
[BlackElo "2628"]
[WhiteFideId "4173708"]
[BlackFideId "4675789"]
[EventDate "2023.09.25"]
[EventType "k.o."]

1. d4 e6 2. c4 b6 3. Nc3 Bb7 4. e3 Bb4 5. Ne2 Nf6 6. a3 Bd6 7. d5 c6 8. g3 cxd5
9. Bg2 Na6 10. O-O Nc7 11. cxd5 Ncxd5 12. Nxd5 exd5 13. Nc3 O-O 14. Nxd5 Nxd5
15. Bxd5 Bc6 16. Qb3 Be5 17. Rd1 Qf6 18. Rb1 Rac8 19. Bg2 Rfd8 20. Bd2 Bxg2 21.
Kxg2 Qc6+ 22. Kg1 h5 23. Bb4 d5 24. Qd3 g6 25. Qe2 d4 26. e4 a5 27. Be1 Qc2 28.
Qd3 a4 29. b3 b5 30. bxa4 bxa4 31. Kg2 Re8 32. Qxc2 Rxc2 33. Rb4 Bf6 34. Rd2 Rc1
35. Re2 Rd8 36. Bd2 Rc2 37. f4 d3 38. Rf2 Bd4 39. Rxd4 Rxd4 40. Kf3 f5 41. exf5
gxf5 42. Ke3 Rd5 43. Rf1 Rc4 44. Kf3 Re4 45. Rf2 Rb5 46. Bb4 Re2 47. Rf1 Rxh2
48. Rd1 Rd5 49. Ke3 Kf7 0-1

[Event "AI Cup Div 3 W"]
[Site "chess.com INT"]
[Date "2023.09.25"]
[Round "2.2"]
[White "Tomashevsky, Evgeny"]
[Black "Esipenko, Andrey"]
[Result "1-0"]
[WhiteTitle "GM"]
[BlackTitle "GM"]
[WhiteElo "2694"]
[BlackElo "2683"]
[WhiteFideId "4147235"]
[BlackFideId "24175439"]
[EventDate "2023.09.25"]
[EventType "k.o."]

1. d4 Nf6 2. Nf3 e6 3. c4 d5 4. Nc3 c6 5. cxd5 exd5 6. Bg5 h6 7. Bh4 Nbd7 8. e3
g5 9. Bg3 Nh5 10. Bd3 Nxg3 11. hxg3 Bg7 12. Qc2 Qe7 13. O-O-O Nb6 14. Kb1 Be6
15. Rc1 O-O-O 16. Na4 Nxa4 17. Qxa4 Kb8 18. Rc3 Rc8 19. Rhc1 Qd7 20. Nd2 Bf5 21.
Qc2 Bxd3 22. Qxd3 b6 23. R3c2 Rc7 24. Nf3 Qe6 25. Qb3 Ka8 26. Ne1 Rb8 27. Nd3 c5
28. Qb5 Qe4 29. a3 Rcb7 30. Ka2 cxd4 31. exd4 Bxd4 32. Nb4 Bc5 33. Re2 Qf5 34.
Na6 Rd8 35. Re8 Qd7 36. Rce1 1-0

[Event "AI Cup Div 3 W"]
[Site "chess.com INT"]
[Date "2023.09.25"]
[Round "2.2"]
[White "Muradli, Mahammad"]
[Black "Xiong, Jeffery"]
[Result "0-1"]
[WhiteTitle "GM"]
[BlackTitle "GM"]
[WhiteElo "2550"]
[BlackElo "2693"]
[WhiteFideId "13409301"]
[BlackFideId "2047640"]
[EventDate "2023.09.25"]
[EventType "k.o."]

1. d4 d5 2. c4 e6 3. Nf3 dxc4 4. e3 Nf6 5. Bxc4 c5 6. O-O a6 7. b3 b6 8. Bb2 Bb7
9. Nbd2 Nbd7 10. Be2 Be7 11. dxc5 Nxc5 12. Nd4 O-O 13. Bf3 Nd5 14. Qe2 b5 15. a3
Qb6 16. Rac1 Rac8 17. Rc2 g6 18. Rfc1 Rfd8 19. Bxd5 exd5 20. N2f3 Ne4 21. Ne5
Bd6 22. Nd3 Rxc2 23. Qxc2 Rc8 24. Qxc8+ Bxc8 25. Rxc8+ Bf8 26. Ne5 Qb7 27. Rd8
Qc7 28. Ndc6 f6 29. Rd7 Qc8 30. Rd8 Qe6 31. Nd7 Qxc6 32. f3 Qc2 33. fxe4 Qb1+
34. Kf2 Qxb2+ 35. Kg3 Qxa3 36. exd5 Qd6+ 37. Kf2 Kf7 0-1

[Event "AI Cup Div 3 W"]
[Site "chess.com INT"]
[Date "2023.09.25"]
[Round "2.2"]
[White "Martinez Alcantara, Jose Eduardo"]
[Black "Kramnik, Vladimir"]
[Result "1-0"]
[WhiteTitle "GM"]
[BlackTitle "GM"]
[WhiteElo "2611"]
[BlackElo "2753"]
[WhiteFideId "3805662"]
[BlackFideId "4101588"]
[EventDate "2023.09.25"]
[EventType "k.o."]

1. e4 c5 2. Nf3 d6 3. c3 Nf6 4. h3 Nc6 5. Bd3 g6 6. Bc2 Bg7 7. O-O O-O 8. d4 e5
9. dxe5 dxe5 10. Qxd8 Rxd8 11. Bg5 Be6 12. Nbd2 c4 13. Be3 h6 14. b3 cxb3 15.
axb3 a5 16. Nc4 b5 17. Ncxe5 Nxe5 18. Nxe5 Rdc8 19. Bd4 b4 20. c4 Nh5 21. Nf3
Nf4 22. Rfe1 a4 23. Bxg7 Kxg7 24. bxa4 Rxc4 25. Bb3 Rc3 26. Bxe6 Nxe6 27. Reb1
Ra3 28. Rc1 Nf4 29. Kh2 R8xa4 30. Rab1 Ra2 31. Rc7 Ne6 32. Rb7 Rxf2 33. Ne1 Re2
34. Nd3 Raa2 35. Rg1 Rad2 36. Ne5 Rxe4 37. Nxf7 Nc5 38. Rc7 Rd7 39. Rxc5 Rxf7
40. Rb5 1-0

[Event "AI Cup Div 3 W"]
[Site "chess.com INT"]
[Date "2023.09.25"]
[Round "2.2"]
[White "Sevian, Samuel"]
[Black "Paravyan, David"]
[Result "1-0"]
[WhiteTitle "GM"]
[BlackTitle "GM"]
[WhiteElo "2698"]
[BlackElo "2599"]
[WhiteFideId "2040506"]
[BlackFideId "4194985"]
[EventDate "2023.09.25"]
[EventType "k.o."]

1. Nf3 d5 2. e3 Nf6 3. c4 e6 4. b3 c5 5. Bb2 Nc6 6. cxd5 exd5 7. Bb5 Bd6 8. O-O
O-O 9. Bxc6 bxc6 10. d3 a5 11. Nbd2 Re8 12. Rc1 Bf5 13. d4 cxd4 14. Nxd4 Bg4 15.
f3 Bd7 16. Nxc6 Bxc6 17. Rxc6 Rxe3 18. Rxd6 Qxd6 19. Nc4 Qe6 20. Nxe3 Qxe3+ 21.
Kh1 Re8 22. Bd4 Qe2 23. a4 Nd7 24. h3 f6 25. Bc3 Qxd1 26. Rxd1 Re3 27. Bxa5 Rxb3
28. Rxd5 Ne5 29. Bc7 Nc4 30. Rc5 Ne3 31. a5 Ra3 32. Bb6 h6 33. Kg1 Kh7 34. Kf2
Nd1+ 35. Ke2 Nb2 36. Bc7 Na4 37. Rf5 Kg6 38. g4 Kf7 39. Kd2 Nc3 40. Bd6 Nb1+ 41.
Kc2 Ra1 42. Kb2 Ra4 43. Kxb1 g6 44. Rb5 Ke6 45. Bf8 1-0

[Event "AI Cup Div 3 W"]
[Site "chess.com INT"]
[Date "2023.09.25"]
[Round "2.2"]
[White "Durarbayli, Vasif"]
[Black "Robson, Ray"]
[Result "0-1"]
[WhiteTitle "GM"]
[BlackTitle "GM"]
[WhiteElo "2625"]
[BlackElo "2699"]
[WhiteFideId "13402935"]
[BlackFideId "2023970"]
[EventDate "2023.09.25"]
[EventType "k.o."]

1. e4 c5 2. Nf3 d6 3. d4 cxd4 4. Nxd4 Nf6 5. Nc3 a6 6. Be2 e5 7. Nb3 Be7 8. Be3
Be6 9. Nd5 Nbd7 10. Qd3 O-O 11. c4 b5 12. cxb5 axb5 13. O-O Bxd5 14. exd5 Nb6
15. Bxb6 Qxb6 16. Qxb5 Qa7 17. a4 Rab8 18. Qd3 Rb4 19. a5 e4 20. Qd1 Rfb8 21.
Ra3 e3 22. f3 R8b5 23. a6 Rxd5 24. Qc2 Bd8 25. Rd1 h5 26. Rxd5 Nxd5 27. g3 h4
28. Na5 Bxa5 29. Rxa5 Ne7 30. Qc3 Rb8 31. Kg2 Rc8 32. Qd3 Qb6 33. Ra3 Qxb2 34.
a7 Qb7 35. Qxe3 Ra8 36. Qd4 hxg3 37. hxg3 Nc8 38. Re3 Qc6 39. Qe4 Nxa7 40. Ra3
d5 41. Qd3 Nc8 42. Rc3 Qd7 43. Qc2 Ne7 44. Rc7 Qd6 45. Rb7 g6 46. Qc7 Qxc7 47.
Rxc7 Nf5 48. Rd7 Ra2 49. Kf2 Nd4 50. Rxd5 Nxe2 51. Rd8+ Kg7 52. g4 Nf4+ 53. Kg3
Ne2+ 54. Kf2 g5 55. Rb8 Nf4+ 56. Ke3 Re2+ 57. Kd4 Ng6 58. Rb5 f6 59. Rb7+ Re7
60. Rb6 Nh4 61. Rb3 Kg6 62. Ra3 Re5 63. Rb3 Re1 64. Ra3 Ng2 65. Ra8 Nf4 66. Rg8+
Kf7 67. Ra8 Re5 68. Ra7+ Kg6 69. Ra3 Ne6+ 70. Kd3 f5 71. gxf5+ Kxf5 72. Ra7 Nf4+
73. Kd4 Rd5+ 74. Ke3 Rd3+ 75. Kf2 Rd2+ 76. Kf1 Ng6 77. Rf7+ Ke6 78. Rg7 Kf6 79.
Rg8 Ra2 80. Rb8 Kf5 81. Rg8 Nf4 82. Rf8+ Ke5 83. Re8+ Ne6 84. Re7 Kf6 85. Re8
Nd4 86. Re4 Ra1+ 87. Kf2 Ra2+ 88. Kf1 Nf5 89. Rb4 Kg6 90. Rb8 Ng3+ 91. Kg1 Kf5
92. Rf8+ Ke5 93. f4+ gxf4 94. Re8+ Kd4 95. Rd8+ Ke3 96. Rd3+ Ke2 97. Rf3 Ra4 98.
Kg2 Nf5 99. Rf2+ Ke3 100. Rf3+ Ke4 0-1

[Event "AI Cup Div 3 W"]
[Site "chess.com INT"]
[Date "2023.09.25"]
[Round "2.3"]
[White "Durarbayli, Vasif"]
[Black "Robson, Ray"]
[Result "0-1"]
[WhiteTitle "GM"]
[BlackTitle "GM"]
[WhiteElo "2625"]
[BlackElo "2699"]
[WhiteFideId "13402935"]
[BlackFideId "2023970"]
[EventDate "2023.09.25"]
[EventType "k.o."]

1. e4 e5 2. Nf3 Nc6 3. Bb5 Nf6 4. d3 Bc5 5. c3 O-O 6. O-O d5 7. exd5 Qxd5 8. Bc4
Qd8 9. b4 Bd6 10. Nbd2 h6 11. Re1 Re8 12. a4 a6 13. Ne4 Nxe4 14. dxe4 Be6 15.
Bf1 a5 16. b5 Nb8 17. Qc2 Nd7 18. Be3 Qe7 19. Nd2 Bc5 20. Nc4 Bxe3 21. Rxe3 b6
22. Rg3 Rad8 23. Re1 Nc5 24. h3 Qh4 25. Rf3 Qg5 26. Rg3 Qh4 27. Rf3 Qg5 28. Ree3
h5 29. Rg3 Qh6 30. h4 Qf4 31. Rg5 Qxh4 32. Reg3 g6 33. Nxe5 Qxe4 34. Qc1 Bf5 35.
Rxh5 Qxe5 36. Qh6 Qg7 37. Qf4 Rd1 38. Qxc7 Ne4 39. Qc6 Rxf1+ 40. Kh2 Rh1+ 41.
Kxh1 Nxg3+ 42. Kh2 Nxh5 43. Qxe8+ Qf8 44. Qe5 Qd8 45. f3 Ng7 46. g4 Bc2 47. Kg3
Bxa4 48. c4 Ne6 0-1

[Event "AI Cup Div 3 W"]
[Site "chess.com INT"]
[Date "2023.09.26"]
[Round "3.1"]
[White "Sevian, Samuel"]
[Black "Xiong, Jeffery"]
[Result "1-0"]
[WhiteTitle "GM"]
[BlackTitle "GM"]
[WhiteElo "2698"]
[BlackElo "2693"]
[WhiteFideId "2040506"]
[BlackFideId "2047640"]
[EventDate "2023.09.25"]
[EventType "k.o."]

1. Nf3 d5 2. d4 Nf6 3. Bf4 c5 4. e3 e6 5. Nbd2 Qb6 6. Rb1 Bd6 7. Bg3 Nbd7 8. c4
cxd4 9. exd4 dxc4 10. Bxc4 O-O 11. Bd3 Bxg3 12. hxg3 Qd6 13. Nc4 Qb4+ 14. Kf1 h6
15. Ne3 Nb6 16. g4 Rd8 17. a3 Qd6 18. g5 hxg5 19. Nxg5 Qf4 20. Nf3 Bd7 21. Rh4
Qd6 22. Ne5 Be8 23. Qf3 Nbd7 24. Qh3 Kf8 25. N5c4 Qc7 26. Rh8+ Ke7 27. Nf5+ exf5
28. Re1+ Ne4 29. Qxf5 Nf6 30. Bxe4 Qxc4+ 31. Bd3+ Qe6 32. Rxe6+ fxe6 33. Qg5 Bg6
34. Qxg6 1-0

[Event "AI Cup Div 3 W"]
[Site "chess.com INT"]
[Date "2023.09.26"]
[Round "3.1"]
[White "Meier, Georg"]
[Black "Robson, Ray"]
[Result "1/2-1/2"]
[WhiteTitle "GM"]
[BlackTitle "GM"]
[WhiteElo "2628"]
[BlackElo "2699"]
[WhiteFideId "4675789"]
[BlackFideId "2023970"]
[EventDate "2023.09.25"]
[EventType "k.o."]

1. Nf3 d5 2. g3 c5 3. Bg2 Nf6 4. O-O g6 5. c3 Bg7 6. d4 cxd4 7. cxd4 Nc6 8. Ne5
Bd7 9. Nc3 e6 10. Nxd7 Qxd7 11. e3 O-O 12. Qe2 Rac8 13. Bd2 Ne8 14. Rfc1 Nd6 15.
Be1 Rc7 16. Qd1 Rfc8 17. Ne2 Bf8 18. Nf4 h5 19. Nd3 Bh6 20. Rc2 Qe7 21. Rac1 Nc4
22. Nf4 Bxf4 23. gxf4 Nb4 24. Bxb4 Qxb4 25. Qe2 Qe7 26. Bf1 Nd6 27. Qd1 Kg7 28.
Bd3 Qd7 29. Rc5 Nc4 30. Bxc4 dxc4 31. Rg5 c3 32. bxc3 Rxc3 33. Rxc3 Rxc3 34.
Qxh5 Qc6 35. d5 exd5 36. Qf3 d4 37. Qxc6 bxc6 38. exd4 Ra3 39. f5 Rxa2 40. fxg6
fxg6 41. Rc5 Rd2 42. Rxc6 Rxd4 43. Rc7+ Kf6 44. Rxa7 Rd3 45. Kg2 g5 46. Ra4 Kf5
47. h3 Rc3 48. Rg4 Rb3 49. Rg3 Rb2 50. Rf3+ Kg6 51. Rg3 Kf5 52. Re3 Ra2 53. Kg3
Rb2 54. Rf3+ Kg6 55. h4 gxh4+ 56. Kxh4 Rb4+ 57. Kg3 Kg5 58. Re3 Kf5 59. f3 Ra4
60. Rb3 Rc4 61. Rb5+ Kf6 62. f4 Rc1 1/2-1/2

[Event "AI Cup Div 3 W"]
[Site "chess.com INT"]
[Date "2023.09.26"]
[Round "3.2"]
[White "Xiong, Jeffery"]
[Black "Sevian, Samuel"]
[Result "0-1"]
[WhiteTitle "GM"]
[BlackTitle "GM"]
[WhiteElo "2693"]
[BlackElo "2698"]
[WhiteFideId "2047640"]
[BlackFideId "2040506"]
[EventDate "2023.09.25"]
[EventType "k.o."]

1. c4 e5 2. Nc3 Nf6 3. g3 d5 4. cxd5 Nxd5 5. Bg2 Nb6 6. Nf3 Nc6 7. O-O Be7 8. b3
O-O 9. Bb2 Re8 10. Rc1 Bf8 11. Ne4 f5 12. Nc3 e4 13. Ne1 Nb4 14. a3 Nc6 15. d3
Be6 16. b4 a5 17. b5 Nd4 18. dxe4 Bb3 19. Qd3 Bc4 20. Qb1 Bxe2 21. exf5 Nc4 22.
Bxb7 Nd2 23. Qa2+ Bc4 24. Bd5+ Qxd5 25. Nxd5 Ne2+ 0-1

[Event "AI Cup Div 3 W"]
[Site "chess.com INT"]
[Date "2023.09.26"]
[Round "3.2"]
[White "Robson, Ray"]
[Black "Meier, Georg"]
[Result "1-0"]
[WhiteTitle "GM"]
[BlackTitle "GM"]
[WhiteElo "2699"]
[BlackElo "2628"]
[WhiteFideId "2023970"]
[BlackFideId "4675789"]
[EventDate "2023.09.25"]
[EventType "k.o."]

1. e4 e6 2. d4 d5 3. Nc3 dxe4 4. Nxe4 Nd7 5. Nf3 Ngf6 6. Bd3 c5 7. Qe2 Nxe4 8.
Qxe4 cxd4 9. Qxd4 Nc5 10. Qxd8+ Kxd8 11. Bc4 Bd6 12. Be3 Ke7 13. O-O-O b6 14.
Rhe1 Bb7 15. Bg5+ f6 16. Nd4 Ne4 17. Be3 Bxh2 18. Nxe6 Nd6 19. Bb3 Bxg2 20. Bf4 1-0

[Event "AI Cup Div 3 W"]
[Site "chess.com INT"]
[Date "2023.09.26"]
[Round "4.1"]
[White "Alekseev, Evgeny"]
[Black "Sevian, Samuel"]
[Result "1/2-1/2"]
[WhiteTitle "GM"]
[BlackTitle "GM"]
[WhiteElo "2573"]
[BlackElo "2698"]
[WhiteFideId "4138147"]
[BlackFideId "2040506"]
[EventDate "2023.09.25"]
[EventType "k.o."]

1. e4 c6 2. d4 d5 3. exd5 cxd5 4. Bd3 Nc6 5. c3 Nf6 6. Bf4 Bg4 7. Qb3 Qc8 8. Nd2
Bh5 9. Ngf3 Bg6 10. Be2 e6 11. O-O Be7 12. Rfe1 O-O 13. a4 Nh5 14. Be3 Qc7 15.
Qd1 Nf4 16. Bxf4 Qxf4 17. Nb3 Bd6 18. g3 Qf6 19. Bd3 Bh5 20. Be2 Rac8 21. Nh4
Bg6 22. Nxg6 hxg6 23. Bf1 g5 24. Nd2 e5 25. Qb3 exd4 26. Qxd5 Rfd8 27. Ne4 Qe5
28. Qb5 Qxb5 29. axb5 Ne5 30. Red1 Bb8 31. cxd4 Nf3+ 32. Kg2 Nxd4 33. Nxg5 Kf8
34. h4 g6 35. Rd3 Nf5 36. Rad1 Rxd3 37. Bxd3 Nd6 38. Rh1 Rc5 39. Rd1 1/2-1/2

[Event "AI Cup Div 3 W"]
[Site "chess.com INT"]
[Date "2023.09.26"]
[Round "4.1"]
[White "Mamedov, Rauf"]
[Black "Robson, Ray"]
[Result "1/2-1/2"]
[WhiteTitle "GM"]
[BlackTitle "GM"]
[WhiteElo "2640"]
[BlackElo "2699"]
[WhiteFideId "13401653"]
[BlackFideId "2023970"]
[EventDate "2023.09.25"]
[EventType "k.o."]

1. e4 e5 2. Nf3 Nc6 3. Bc4 Nf6 4. d3 Bc5 5. Nc3 h6 6. Be3 Bxe3 7. fxe3 d6 8. Qe2
Be6 9. Rf1 Bxc4 10. dxc4 Qd7 11. O-O-O O-O-O 12. Nd2 Ne7 13. Nb3 Qe6 14. Nd5 Nd7
15. Qd3 Kb8 16. h3 Nc5 17. Nxc5 dxc5 18. Qe2 c6 19. Nc3 f6 20. b3 Kc7 21. Qh5
Nc8 22. Qg6 Rd7 23. Rxd7+ Qxd7 24. Rd1 Nd6 25. a3 h5 26. Qg3 h4 27. Qe1 Qe6 28.
Rd3 b6 29. Qd1 g6 30. Rd2 Rd8 31. Qe1 Rh8 32. Qe2 Rd8 33. Rd1 Rh8 34. Rf1 g5 35.
Rf2 Rg8 36. Qh5 Rf8 37. Rd2 Qf7 38. Qg4 Qd7 39. Qd1 Qe6 40. Rd3 Rg8 41. Rd2 Rf8
42. Kb1 Rg8 43. a4 a5 44. Qh5 Qf7 45. Qf3 Qe6 46. Nd1 g4 47. hxg4 Rxg4 48. Nf2
Rg3 49. Qh5 Rxg2 50. Qxh4 Qf7 51. Qh3 Rg8 52. Qf3 Qe6 53. Rd1 f5 54. Rh1 Rg7 55.
Rh8 Kb7 56. Qh3 Rf7 57. Rh6 Qe7 58. exf5 Nxf5 59. Rh8 Qd7 60. Ne4 Kc7 61. Qh2
Re7 62. Ra8 Kb7 63. Qh8 Qc7 64. Qf8 Rf7 65. Qe8 Re7 66. Qg8 Rg7 67. Qf8 Rf7 68.
Qh8 Rh7 69. Qe8 Re7 70. Qh8 Rh7 71. Qe8 Re7 1/2-1/2

[Event "AI Cup Div 3 W"]
[Site "chess.com INT"]
[Date "2023.09.26"]
[Round "4.2"]
[White "Sevian, Samuel"]
[Black "Alekseev, Evgeny"]
[Result "0-1"]
[WhiteTitle "GM"]
[BlackTitle "GM"]
[WhiteElo "2698"]
[BlackElo "2573"]
[WhiteFideId "2040506"]
[BlackFideId "4138147"]
[EventDate "2023.09.25"]
[EventType "k.o."]

1. Nf3 c5 2. c3 Nf6 3. d4 e6 4. Bg5 d5 5. e3 Nc6 6. Nbd2 h6 7. Bh4 Bd6 8. Bd3
O-O 9. O-O e5 10. e4 Be6 11. Bxf6 Qxf6 12. exd5 Bxd5 13. Be4 Bxe4 14. Nxe4 Qg6
15. Nxd6 Qxd6 16. dxe5 Qe6 17. Re1 Rad8 18. Qb3 Qxb3 19. axb3 Rfe8 20. Re3 Kf8
21. h4 b6 22. g3 Rd7 23. Re4 f6 24. e6 Rde7 25. b4 cxb4 26. cxb4 Rxe6 27. Rxe6
Rxe6 28. b5 Ne5 29. Nd4 Rd6 30. Nf5 Rd5 31. Kg2 Ng4 32. Kf3 Nh2+ 33. Kg2 Rxf5
34. Kxh2 Rxf2+ 35. Kh3 Rxb2 36. Rxa7 Rxb5 37. Kg4 h5+ 38. Kf4 Kg8 39. Rb7 Kh7
40. Kf3 Kg6 41. Kf4 Rf5+ 42. Ke4 Re5+ 43. Kf4 b5 44. Rb6 Rc5 45. Rb7 Rc4+ 46.
Ke3 b4 47. Kf3 Rc3+ 48. Kf4 Rc4+ 49. Kf3 Rg4 50. Rb5 Kh6 51. Rb6 Kh7 52. Rb7 Kg8
53. Rb5 g6 54. Rb7 Kf8 55. Kf2 Ke8 56. Kf3 Kd8 57. Rf7 f5 58. Kf2 Kc8 59. Re7 b3
60. Re2 Kc7 61. Rb2 Rb4 62. Ke3 Kd6 63. Kd2 Kd5 64. Kc3 Rb6 65. Kd3 Rb7 66. Kc3
Ke4 0-1

[Event "AI Cup Div 3 W"]
[Site "chess.com INT"]
[Date "2023.09.26"]
[Round "4.2"]
[White "Robson, Ray"]
[Black "Mamedov, Rauf"]
[Result "1/2-1/2"]
[WhiteTitle "GM"]
[BlackTitle "GM"]
[WhiteElo "2699"]
[BlackElo "2640"]
[WhiteFideId "2023970"]
[BlackFideId "13401653"]
[EventDate "2023.09.25"]
[EventType "k.o."]

1. d4 Nf6 2. c4 c6 3. Nc3 d5 4. Nf3 dxc4 5. a4 Bf5 6. Ne5 Nbd7 7. Nxc4 Nb6 8. e3
e6 9. Qb3 Nxc4 10. Bxc4 Rb8 11. f3 Bg6 12. O-O a5 13. Rd1 Bb4 14. e4 Qc7 15. Ne2
Rd8 16. Bf4 Qb6 17. Be3 Qc7 18. Nf4 O-O 19. Nd3 Be7 20. Bf4 Qc8 21. Qb6 Qa8 22.
Bc7 Rd7 23. Nc5 Bxc5 24. dxc5 Rc8 25. Rxd7 Nxd7 26. Qxa5 Nxc5 27. Qxa8 Rxa8 28.
a5 b5 29. Be2 f5 30. exf5 exf5 31. Kf2 Be8 32. Rc1 Nb3 33. Rc3 Nd4 34. Bd3 c5
35. Rxc5 Ne6 36. Rc1 Nxc7 37. Rxc7 Rxa5 38. Bxf5 Kf8 39. Bxh7 Ra2 40. Bf5 Rxb2+
41. Kg3 b4 42. Rb7 Bf7 43. h4 b3 44. Kh3 Rf2 45. Be4 b2 46. g4 Ba2 47. Kg3 Re2
48. Bg6 Bd5 49. Rb5 Bc6 50. Rb6 Bd5 51. Rb5 Bc6 52. Rc5 Re4 53. Rxc6 b1=Q 54.
Bxe4 Qe1+ 55. Kh3 Qh1+ 56. Kg3 Qe1+ 57. Kh3 Qh1+ 58. Kg3 Qe1+ 1/2-1/2

[Event "AI Cup Div 3 W"]
[Site "chess.com INT"]
[Date "2023.09.26"]
[Round "4.3"]
[White "Mamedov, Rauf"]
[Black "Robson, Ray"]
[Result "1-0"]
[WhiteTitle "GM"]
[BlackTitle "GM"]
[WhiteElo "2640"]
[BlackElo "2699"]
[WhiteFideId "13401653"]
[BlackFideId "2023970"]
[EventDate "2023.09.25"]
[EventType "k.o."]

1. e4 e5 2. Nf3 Nf6 3. d3 Nc6 4. g3 Bc5 5. Bg2 O-O 6. O-O d6 7. Nc3 a5 8. h3 h6
9. Nd2 a4 10. a3 Nd4 11. Nd5 c6 12. Nxf6+ Qxf6 13. c3 Ne6 14. Kh2 Qe7 15. Nf3
Ng5 16. Nh4 g6 17. Qe1 Kg7 18. f4 Nh7 19. Nf3 f6 20. d4 Bb6 21. Be3 exf4 22.
Bxf4 g5 23. Be3 Bd7 24. Qd2 f5 25. exf5 Bxf5 26. Rae1 Qd7 27. d5 c5 28. h4 Rh8
29. Kg1 Rae8 30. c4 Bd8 31. hxg5 hxg5 32. Qc1 Bf6 33. Bd2 Bd3 34. Rf2 Qg4 35.
Bc3 Qxg3 36. Re3 Bg6 37. Ne5 Qxe3 38. Qxe3 Bxe5 39. Qd2 Re7 40. Bxe5+ Rxe5 41.
Qa5 Re7 42. Qb6 Nf6 43. Qxd6 Rf7 44. Qxc5 Re8 45. Qd4 Re1+ 46. Rf1 Re2 47. d6
Be4 48. Rf2 Re1+ 49. Rf1 Re2 50. Bf3 Bxf3 51. Rxf3 Re4 52. Qc3 Kg6 53. Qd3 Kg7
54. c5 Rg4+ 55. Kf1 Rf8 56. d7 Rd8 57. Qd6 1-0

[Event "AI Cup Div 3 W"]
[Site "chess.com INT"]
[Date "2023.09.29"]
[Round "6.1"]
[White "Mamedov, Rauf"]
[Black "Sevian, Samuel"]
[Result "1/2-1/2"]
[WhiteTitle "GM"]
[BlackTitle "GM"]
[WhiteElo "2640"]
[BlackElo "2698"]
[WhiteFideId "13401653"]
[BlackFideId "2040506"]
[EventDate "2023.09.25"]
[EventType "k.o."]

1. e4 e5 2. Nf3 Nc6 3. Bc4 Bc5 4. c3 Nf6 5. d3 d6 6. Nbd2 a6 7. Bb3 O-O 8. h3
Re8 9. Nf1 Be6 10. Ng3 h6 11. Bxe6 Rxe6 12. O-O d5 13. a4 dxe4 14. Nxe4 Ba7 15.
Re1 Nd5 16. Qb3 Rb8 17. Bd2 Qd7 18. Rad1 Kh8 19. Qc4 b5 20. axb5 axb5 21. Qa2 b4
22. Qa4 bxc3 23. bxc3 Rd8 24. Qc4 Na5 25. Qa2 Nc6 26. Qc4 f5 27. Nc5 Bxc5 28.
Qxc5 Rde8 29. Bc1 Qd6 30. Qxd6 cxd6 31. Bd2 e4 32. dxe4 fxe4 33. Nh2 Na5 34. Ng4
Nc4 35. Bxh6 Nxc3 36. Rd4 Na3 37. Bd2 Nab5 38. Rc4 Nd5 39. Rec1 Kh7 40. Rd1 Ne7
41. Rb4 Nc7 42. Rb7 Ncd5 43. Bg5 Kg6 44. Bxe7 R8xe7 45. Rb3 Nf6 46. Ne3 Rd7 47.
Rb5 Kf7 48. g4 Ng8 49. Rf5+ Ke8 50. Ra1 Ne7 51. Ra8+ Rd8 52. Rxd8+ Kxd8 53. Rf8+
Kd7 54. Rf7 Ke8 55. Rxg7 d5 56. Nc2 Nc6 57. Rg5 d4 58. Rd5 d3 59. Ne3 Ne7 60.
Rd4 Nc6 61. Rd5 Ne7 62. Ra5 Ng6 63. f3 exf3 64. Kf2 Nf4 65. Kxf3 Nxh3 66. Rd5
Ng1+ 67. Kf2 Nh3+ 68. Kf3 Ng1+ 69. Kf2 Nh3+ 70. Kf3 1/2-1/2